00375nam a22001457a 4500003000400000005001700004008004100021020001800062040000900080082001900089100001900108245005000127260004300177300000900220OSt20210305112326.0210305b ||||| |||| 00| 0 eng d a9780486789422 coclc a154.634bFRE/I aFreud, Sigmund aThe Interpretation Of Dreams /cSigmund Freud aNew York:bDover Publications, c2015. a465p